[Event "Mittelrhein Regionalliga 1920"]
[Site "Mittelrhein"]
[Date "2019.10.27"]
[Round "2.8"]
[White "Spindler, Florian"]
[Black "Hendrichs, Udo"]
[Result "0-1"]
[WhiteElo "1940"]
[BlackElo "1887"]
[PlyCount "44"]
[EventDate "2019.09.29"]
[EventType "team-tourn"]
[EventRounds "9"]
[EventCountry "GER"]
[SourceTitle "EXT 2023"]
[Source "ChessBase"]
[SourceDate "2022.10.05"]
[SourceVersion "1"]
[SourceVersionDate "2022.10.05"]
[SourceQuality "1"]
[WhiteTeam "Koeln Porz III"]
[BlackTeam "Langenfeld II"]
[WhiteTeamCountry "GER"]
[BlackTeamCountry "GER"]

1. d4 e6 2. c4 d5 3. Nf3 f5 4. Nc3 Nf6 5. e3 c6 6. Bd3 Bd6 7. 0-0 0-0 8. a3 Ne4 9. Qc2 Nd7 10. b4 g5 11. g3 g4 12. Bxe4 fxe4 13. Nh4 Qe8 14. Ng2 Qh5 15. Ne2 Rf6 16. Ngf4 Qg5 17. Kg2 Rh6 18. Rh1 e5 19. dxe5 Nxe5 20. cxd5 cxd5 21. Nxd5 Nf3 22. Ndf4 Rxh2+ 0-1

[Event "Mittelrhein Verbandsliga-N 18/19"]
[Site "Nordrheinwestfalen"]
[Date "2019.05.19"]
[Round "11.4"]
[White "Schmidt, Bodo"]
[Black "Hendrichs, Udo"]
[Result "1/2-1/2"]
[WhiteElo "1755"]
[BlackElo "1880"]
[PlyCount "56"]
[EventDate "2018.09.02"]
[EventType "team-tourn"]
[EventRounds "12"]
[EventCountry "GER"]
[SourceTitle "EXT 2022"]
[Source "ChessBase"]
[SourceDate "2021.10.06"]
[SourceVersion "1"]
[SourceVersionDate "2021.10.06"]
[SourceQuality "1"]
[WhiteTeam "Koeln Worringen"]
[BlackTeam "Langenfeld II"]
[WhiteTeamCountry "GER"]
[BlackTeamCountry "GER"]

1. d4 e6 2. c4 d5 3. e3 f5 4. Nc3 Nf6 5. cxd5 exd5 6. Bd3 c6 7. Nf3 Bd6 8. 0-0 0-0 9. Ne5 Qe8 10. f4 Ne4 11. Nxe4 fxe4 12. Be2 Nd7 13. Bd2 Nxe5 14. fxe5 Rxf1+ 15. Qxf1 Be7 16. Qf4 Qg6 17. g4 Be6 18. Qg3 Rf8 19. Rf1 Rxf1+ 20. Kxf1 Qh6 21. Be1 c5 22. h4 cxd4 23. g5 Qg6 24. exd4 Qf5+ 25. Kg2 a6 26. a3 Bd8 27. Bd2 Bb6 28. Bc3 Qf7 1/2-1/2

[Event "Mittelrhein Verbandsliga-N 17/18"]
[Site "Nordrheinwestfalen"]
[Date "2018.05.06"]
[Round "11.4"]
[White "Plitt, Stefan"]
[Black "Hendrichs, Udo"]
[Result "0-1"]
[WhiteElo "1621"]
[BlackElo "1875"]
[PlyCount "68"]
[EventDate "2017.09.10"]
[EventType "team-swiss"]
[EventRounds "11"]
[EventCountry "GER"]
[SourceTitle "EXT 2022"]
[Source "ChessBase"]
[SourceDate "2021.10.06"]
[SourceVersion "1"]
[SourceVersionDate "2021.10.06"]
[SourceQuality "1"]
[WhiteTeam "Gruenfeld"]
[BlackTeam "Langenfeld II"]
[WhiteTeamCountry "GER"]
[BlackTeamCountry "GER"]

1. c4 e6 2. d4 d5 3. Nc3 f5 4. Nf3 Nf6 5. Bf4 c6 6. cxd5 exd5 7. a3 Be7 8. e3 0-0 9. Qb3 Kh8 10. Rc1 Nbd7 11. Bd3 Ne4 12. h3 Qe8 13. Ne5 Nxe5 14. Bxe5 Qg6 15. g3 Bf6 16. Ne2 Bxe5 17. dxe5 Qe6 18. f4 Qg6 19. Bxe4 fxe4 20. Qb4 Kg8 21. Qc5 Bd7 22. Kf2 Qh5 23. g4 Qxe5 24. Qd4 Qe7 25. Kg3 b6 26. Rhd1 Rac8 27. Qa4 Be8 28. Qd4 Bf7 29. Nc3 Rfd8 30. b4 c5 31. bxc5 bxc5 32. Qd2 g5 33. Rf1 d4 34. exd4 e3 0-1

[Event "Mittelrhein Verbandsliga-N 17/18"]
[Site "Nordrheinwestfalen"]
[Date "2018.02.04"]
[Round "7.5"]
[White "Fieberg, Christoph"]
[Black "Hendrichs, Udo"]
[Result "0-1"]
[WhiteElo "1786"]
[BlackElo "1875"]
[PlyCount "54"]
[EventDate "2017.09.10"]
[EventType "team-swiss"]
[EventRounds "11"]
[EventCountry "GER"]
[SourceTitle "EXT 2022"]
[Source "ChessBase"]
[SourceDate "2021.10.06"]
[SourceVersion "1"]
[SourceVersionDate "2021.10.06"]
[SourceQuality "1"]
[WhiteTeam "Porz SG IV"]
[BlackTeam "Langenfeld II"]
[WhiteTeamCountry "GER"]
[BlackTeamCountry "GER"]

1. e4 e6 2. d4 d5 3. Nd2 Nf6 4. e5 Nfd7 5. Ngf3 c5 6. c3 cxd4 7. cxd4 Nc6 8. Be2 f6 9. exf6 Nxf6 10. 0-0 Bd6 11. Re1 0-0 12. Nb3 Qe8 13. Bg5 Qh5 14. h4 Ne4 15. Nfd2 Qg6 16. Nxe4 dxe4 17. Rc1 h6 18. Be3 Ne7 19. h5 Qf6 20. Nd2 Qh4 21. Nf1 Nf5 22. Qd2 Nxe3 23. fxe3 Bd7 24. g3 Bxg3 25. Bc4 Bf2+ 26. Kg2 Qg4+ 27. Kh1 Qg1# 0-1

[Event "Mittelrhein Verbandsliga-N 17/18"]
[Site "Nordrheinwestfalen"]
[Date "2017.11.12"]
[Round "4.5"]
[White "Hendrichs, Udo"]
[Black "Hoerchens, Joern"]
[Result "1-0"]
[WhiteElo "1875"]
[BlackElo "1826"]
[PlyCount "59"]
[EventDate "2017.09.10"]
[EventType "team-swiss"]
[EventRounds "11"]
[EventCountry "GER"]
[SourceTitle "EXT 2022"]
[Source "ChessBase"]
[SourceDate "2021.10.06"]
[SourceVersion "1"]
[SourceVersionDate "2021.10.06"]
[SourceQuality "1"]
[WhiteTeam "Langenfeld II"]
[BlackTeam "Dormagen SV"]
[WhiteTeamCountry "GER"]
[BlackTeamCountry "GER"]

1. d4 Nf6 2. Nf3 g6 3. e3 Bg7 4. c4 0-0 5. Nc3 d6 6. Be2 Nbd7 7. 0-0 e5 8. b4 a5 9. b5 Re8 10. Ba3 exd4 11. exd4 Nf8 12. Qd2 Bf5 13. Rae1 Ng4 14. Bd3 Rxe1 15. Rxe1 Bxd3 16. Qxd3 Ne6 17. Qe4 h5 18. h3 Nh6 19. Qxb7 Nxd4 20. Nxd4 Bxd4 21. Nd5 Nf5 22. Nxc7 Bxf2+ 23. Kxf2 Qh4+ 24. Kf1 Qxc4+ 25. Kg1 Qd4+ 26. Kh1 Rf8 27. Qf3 h4 28. Nd5 Rc8 29. b6 Ng3+ 30. Kh2 1-0

[Event "Mittelrhein Verbandsliga-N 17/18"]
[Site "Nordrheinwestfalen"]
[Date "2017.10.01"]
[Round "2.6"]
[White "Roettgers, Roland"]
[Black "Hendrichs, Udo"]
[Result "1/2-1/2"]
[WhiteElo "1742"]
[BlackElo "1875"]
[PlyCount "75"]
[EventDate "2017.09.10"]
[EventType "team-swiss"]
[EventRounds "11"]
[EventCountry "GER"]
[SourceTitle "EXT 2022"]
[Source "ChessBase"]
[SourceDate "2021.10.06"]
[SourceVersion "1"]
[SourceVersionDate "2021.10.06"]
[SourceQuality "1"]
[WhiteTeam "Leverkusen Koenigsspringer"]
[BlackTeam "Langenfeld II"]
[WhiteTeamCountry "GER"]
[BlackTeamCountry "GER"]

1. Nf3 d5 2. c4 e6 3. g3 f5 4. Bg2 c6 5. b3 Qf6 6. d4 Bb4+ 7. Nbd2 Nd7 8. 0-0 Ne7 9. cxd5 exd5 10. a3 Bc3 11. Rb1 Bxd4 12. Nxd4 Qxd4 13. Bb2 Qg4 14. h3 Qg6 15. e3 0-0 16. b4 b6 17. Nb3 Ba6 18. Re1 Rad8 19. Nd4 Ne5 20. b5 cxb5 21. Nxb5 Nc4 22. a4 Nxb2 23. Rxb2 Qf6 24. Qb3 Bxb5 25. axb5 Kh8 26. Ra2 Rd7 27. Rea1 Ra8 28. Ra6 h5 29. h4 Qe5 30. R1a2 Qc7 31. Qd1 g6 32. Qd4+ Kh7 33. Qf6 Nc8 34. Qe6 Qd6 35. Qxd6 Rxd6 36. Rd2 Ne7 37. Rda2 Nc8 38. Rd2 1/2-1/2

[Event "Mittelrhein Verbandsliga-M 16/17"]
[Site "Nordrheinwestfalen"]
[Date "2016.10.23"]
[Round "3.5"]
[White "Hendrichs, Udo"]
[Black "Gerdell, Frank"]
[Result "1/2-1/2"]
[WhiteElo "1889"]
[BlackElo "2050"]
[PlyCount "77"]
[EventDate "2016.09.11"]
[EventType "team-tourn"]
[EventRounds "11"]
[EventCountry "GER"]
[SourceTitle "EXT 2022"]
[Source "ChessBase"]
[SourceDate "2021.10.06"]
[SourceVersion "1"]
[SourceVersionDate "2021.10.06"]
[SourceQuality "1"]
[WhiteTeam "Langenfeld II"]
[BlackTeam "Gruenfeld"]
[WhiteTeamCountry "GER"]
[BlackTeamCountry "GER"]

1. d4 Nf6 2. Nf3 d5 3. e3 e6 4. Bd3 Be7 5. Nbd2 b6 6. Ne5 0-0 7. 0-0 c5 8. c3 Qc7 9. f4 Ba6 10. Bxa6 Nxa6 11. Qf3 Qb7 12. Qh3 Rad8 13. g4 Bd6 14. g5 Bxe5 15. fxe5 Ne4 16. Nxe4 dxe4 17. Rf4 Qe7 18. Qg2 Kh8 19. Kh1 f5 20. gxf6 gxf6 21. Qf1 fxe5 22. dxe5 Nb8 23. b3 Rxf4 24. exf4 Rd3 25. Qe2 Qh4 26. Be3 Qh3 27. Re1 Nc6 28. Bf2 Qf3+ 29. Kg1 Qxf4 30. Qh5 Nxe5 31. Bg3 Nf3+ 32. Kh1 Qf5 33. Qe8+ Kg7 34. Rf1 Qf7 35. Qa8 Re3 36. Qd8 Kg6 37. Bf2 Ng5 38. Rg1 Qf3+ 39. Rg2 1/2-1/2

[Event "Mittelrhein Verbandsliga Ost 1415"]
[Site "Mittelrhein"]
[Date "2015.02.01"]
[Round "7.4"]
[White "Pilgram, Alexander"]
[Black "Hendrichs, Udo"]
[Result "1/2-1/2"]
[WhiteElo "2009"]
[BlackElo "1929"]
[PlyCount "41"]
[EventDate "2014.09.07"]
[EventType "team-tourn"]
[EventRounds "11"]
[EventCountry "GER"]
[SourceTitle "EXT 2023"]
[Source "ChessBase"]
[SourceDate "2022.10.05"]
[SourceVersion "1"]
[SourceVersionDate "2022.10.05"]
[SourceQuality "1"]
[WhiteTeam "Koeln Porz III"]
[BlackTeam "Langenfeld II"]
[WhiteTeamCountry "GER"]
[BlackTeamCountry "GER"]

1. c4 e6 2. d4 d5 3. Nc3 f5 4. Bf4 Nf6 5. e3 c6 6. Nf3 Be7 7. Be2 0-0 8. 0-0 Ne4 9. Nd2 g5 10. Bxb8 Rxb8 11. Ncxe4 fxe4 12. f3 exf3 13. Rxf3 Bf6 14. Qb3 Qa5 15. Qd3 Qc7 16. Raf1 Qg7 17. Kh1 Bd7 18. Qb3 g4 19. R3f2 h5 20. g3 b6 21. Bd1 1/2-1/2

[Event "Mittelrhein Verbandsliga Ost 1415"]
[Site "Mittelrhein"]
[Date "2014.12.07"]
[Round "5.5"]
[White "Hendrichs, Udo"]
[Black "Sondors, Peteris"]
[Result "1-0"]
[WhiteElo "1929"]
[BlackElo "1936"]
[PlyCount "111"]
[EventDate "2014.09.07"]
[EventType "team-tourn"]
[EventRounds "11"]
[EventCountry "GER"]
[SourceTitle "EXT 2023"]
[Source "ChessBase"]
[SourceDate "2022.10.05"]
[SourceVersion "1"]
[SourceVersionDate "2022.10.05"]
[SourceQuality "1"]
[WhiteTeam "Langenfeld II"]
[BlackTeam "Godesberg IV"]
[WhiteTeamCountry "GER"]
[BlackTeamCountry "GER"]

1. d4 Nf6 2. Nf3 e6 3. e3 b6 4. Bd3 Bb7 5. Nbd2 d5 6. 0-0 Nbd7 7. Qe2 g6 8. e4 dxe4 9. Nxe4 Bg7 10. Bg5 h6 11. Bh4 g5 12. Bg3 0-0 13. Ne5 Nxe4 14. Bxe4 Bxe4 15. Qxe4 Bxe5 16. dxe5 Nc5 17. Qe3 f5 18. exf6 Rxf6 19. Rad1 Qe7 20. f4 Raf8 21. fxg5 Rxf1+ 22. Rxf1 Rxf1+ 23. Kxf1 hxg5 24. Qe5 a5 25. Kg1 Qd8 26. h3 Qd1+ 27. Kh2 Qxc2 28. Qxg5+ Kf7 29. Be5 Nd7 30. Qg7+ Ke8 31. Bg3 Qc5 32. Qg6+ Ke7 33. Bh4+ Kd6 34. Qe8 Qd5 35. Bg3+ e5 36. Qg6+ Kc5 37. Qc2+ Kd6 38. h4 Qxa2 39. h5 Qf7 40. Qd3+ Ke7 41. Qe2 Qe6 42. Bh4+ Kf7 43. Qe4 Nf8 44. g4 Kg7 45. Bg3 Nd7 46. Kh3 Qf6 47. Qe3 c5 48. Qe4 Kf7 49. Qd5+ Qe6 50. Qf3+ Kg7 51. Qe3 Kf7 52. Qg5 e4 53. h6 Qg6 54. Qd5+ Qe6 55. Qxe6+ Kxe6 56. h7 1-0

[Event "Leverkusen-ch op"]
[Site "Leverkusen"]
[Date "2005.02.14"]
[Round "4"]
[White "Hendrichs, Udo"]
[Black "Axmann, Michael"]
[Result "1-0"]
[WhiteElo "1922"]
[BlackElo "1669"]
[PlyCount "69"]
[EventDate "2005.01.10"]
[EventType "swiss"]
[EventRounds "9"]
[EventCountry "GER"]
[SourceTitle "EXT 2006"]
[Source "ChessBase"]
[SourceDate "2005.11.24"]
[SourceVersion "1"]
[SourceVersionDate "2005.11.24"]
[SourceQuality "1"]

1. d4 d5 2. Nf3 Nf6 3. e3 Nc6 4. Be2 e6 5. 0-0 Bd6 6. b3 0-0 7. Bb2 Ne4 8. Nbd2 f5 9. Ne5 Qh4 10. f4 Nxe5 11. fxe5 Be7 12. Nxe4 Qxe4 13. Qd2 Qh4 14. c4 Rf7 15. Rf3 Bd7 16. Raf1 Bf8 17. Bd3 c6 18. Qe2 Qe7 19. e4 dxe4 20. Bxe4 g6 21. Kh1 a5 22. a3 Be8 23. Bd3 Rd8 24. c5 b6 25. cxb6 Qb7 26. Bc4 Bd7 27. Qd2 Qxb6 28. Bc3 Ra8 29. g4 c5 30. d5 Kh8 31. gxf5 gxf5 32. Rxf5 Rxf5 33. Rxf5 Bg7 34. Rf7 Bc8 35. Qg5 1-0

[Event "Leverkusen-ch 15th"]
[Site "Leverkusen"]
[Date "2003.02.17"]
[Round "4"]
[White "Gnass, Arno"]
[Black "Hendrichs, Udo"]
[Result "1/2-1/2"]
[WhiteElo "1707"]
[BlackElo "1910"]
[PlyCount "38"]
[EventDate "2003.01.06"]
[EventType "swiss"]
[EventRounds "9"]
[EventCountry "GER"]
[SourceTitle "EXT 2006"]
[Source "ChessBase"]
[SourceDate "2005.11.24"]
[SourceVersion "1"]
[SourceVersionDate "2005.11.24"]
[SourceQuality "1"]

1. d4 e6 2. g3 d5 3. Bg2 f5 4. Nf3 Nf6 5. 0-0 Bd6 6. b3 Qe7 7. c4 c6 8. a4 Nbd7 9. Ba3 0-0 10. Bxd6 Qxd6 11. Nc3 Ne4 12. Qc2 Nxc3 13. Qxc3 f4 14. Rac1 Qe7 15. e3 fxg3 16. fxg3 a5 17. Nd2 b6 18. e4 Rxf1+ 19. Rxf1 Ba6 1/2-1/2

[Event "Leverkusen-ch 15th"]
[Site "Leverkusen"]
[Date "2003.02.03"]
[Round "3"]
[White "Hendrichs, Udo"]
[Black "Kolleck, Wolf Dietrich"]
[Result "1-0"]
[WhiteElo "1910"]
[BlackElo "1678"]
[PlyCount "165"]
[EventDate "2003.01.06"]
[EventType "swiss"]
[EventRounds "9"]
[EventCountry "GER"]
[SourceTitle "EXT 2006"]
[Source "ChessBase"]
[SourceDate "2005.11.24"]
[SourceVersion "1"]
[SourceVersionDate "2005.11.24"]
[SourceQuality "1"]

1. d4 Nf6 2. Nf3 g6 3. e3 Bg7 4. c4 d6 5. Be2 0-0 6. 0-0 Ne8 7. Nc3 e5 8. dxe5 Nc6 9. exd6 Nxd6 10. c5 Nf5 11. e4 Nfd4 12. Bf4 Ne6 13. Be3 Ncd4 14. Nxd4 Nxd4 15. Rc1 c6 16. f4 Nxe2+ 17. Qxe2 Qe7 18. e5 Be6 19. g4 f5 20. g5 Rfd8 21. Rfd1 Rd7 22. Rxd7 Bxd7 23. Rd1 Be6 24. Qd2 Bf8 25. b4 Qc7 26. Ne2 Be7 27. a3 Rd8 28. Qc2 Rxd1+ 29. Qxd1 Qd7 30. Qxd7 Bxd7 31. Nd4 Kf7 32. Kf2 Be6 33. Ke2 Bd5 34. Kd3 Bd8 35. b5 Ke7 36. Bd2 Kd7 37. a4 Bc7 38. a5 Bd8 39. b6 a6 40. Be3 Be6 41. h4 Bd5 42. Ne2 Be6 43. Ng3 Bf7 44. h5 Ke6 45. Ne2 Kd7 46. hxg6 hxg6 47. Bd4 Bd5 48. e6+ Kxe6 49. Bg7 Kf7 50. Bh8 Be7 51. Kd4 Ke6 52. Nc3 Bg2 53. Be5 Bf8 54. Na2 Bf1 55. Nb4 Bb5 56. Bf6 Kd7 57. Nc2 Ke6 58. Ne3 Be2 59. Ng2 Bf3 60. Nh4 Bh5 61. Be5 Be7 62. Bc7 Bf8 63. Ng2 Bf3 64. Ne3 Be4 65. Nc4 Bf3 66. Ne5 Bh5 67. Nxc6 Bf3 68. Nb4 Be4 69. Be5 Kd7 70. Bf6 Kc8 71. Nd5 Kd7 72. Nb4 Kc8 73. Kc4 Kd7 74. Bd4 Kc8 75. Nd5 Kd7 76. Nf6+ Kc6 77. Nxe4 fxe4 78. Be3 Bg7 79. Bf2 Bh8 80. Bd4 Bxd4 81. Kxd4 e3 82. Kxe3 Kxc5 83. f5 1-0

[Event "Leverkusen-ch 15th"]
[Site "Leverkusen"]
[Date "2003.01.20"]
[Round "2"]
[White "Negele, Michael"]
[Black "Hendrichs, Udo"]
[Result "1-0"]
[WhiteElo "2196"]
[BlackElo "1910"]
[PlyCount "61"]
[EventDate "2003.01.06"]
[EventType "swiss"]
[EventRounds "9"]
[EventCountry "GER"]
[SourceTitle "EXT 2006"]
[Source "ChessBase"]
[SourceDate "2005.11.24"]
[SourceVersion "1"]
[SourceVersionDate "2005.11.24"]
[SourceQuality "1"]

1. e4 e6 2. d4 d5 3. Nc3 Nf6 4. Bg5 Bb4 5. exd5 Qxd5 6. Bxf6 gxf6 7. Nge2 Nc6 8. Qd3 e5 9. 0-0-0 Bxc3 10. Nxc3 Qxd4 11. Qg3 Qg4 12. Nd5 Qxg3 13. Nxf6+ Kf8 14. hxg3 Bf5 15. g4 Be6 16. Bd3 Nb4 17. Bf5 Bxf5 18. gxf5 Nxa2+ 19. Kb1 Nb4 20. Rd7 Rc8 21. g4 Nc6 22. g5 Kg7 23. Rh6 Nb8 24. Rd3 Nc6 25. Rdh3 Ne7 26. Rxh7+ Rxh7 27. Rxh7+ Kf8 28. Nd7+ Kg8 29. g6 Nxf5 30. Nf6+ Kf8 31. Rxf7# 1-0